largest world countries - Statistics

General Stats
  • This quiz has been taken 23 times
  • The average score is 9 of 10
Answer Stats
Answer % Correct
2 canada
100%
3 china
100%
1 russia
100%
5 brazil
96%
7 india
96%
4 united states
96%
10 algeria
91%
6 australia
91%
8 argentina
83%
9 kazakhstan
83%
No matching quizzes found
Score Distribution
Percent of People with Each Score
Percentile by Number Answered
Your Score History
You have not taken this quiz